000
00363nam a2200133Ia 4500
008
151001s9999||||xx |||||||||||||| ||und||
100
_a
शर्मा कुमार पाटील
245
_a
अध्यात्म और विज्ञान
250
_a
1
260
_b
गणपती
260
_c
२०११
300
_a
128
365
_b
21
999
_c
998382
_d
998379